[Event "Championnat de Paris Open Fide"]
[Site "Stade Charléty - 75013 Paris"]
[Date "2015.07.04"]
[Round "1.1"]
[White "Sochacki, Wojtek"]
[Black "Sethuraman, SP."]
[Result "0-1"]
[WhiteElo "2302"]
[BlackElo "2623"]
[PlyCount "92"]
[EventDate "2015.??.??"]

1. d4 e6 2. c4 b6 3. e4 Bb7 4. Bd3 Bb4+ 5. Bd2 Bxd2+ 6. Nxd2 d6 7. Ne2 Ne7 8.
O-O O-O 9. f4 Nd7 10. Bc2 e5 11. Nf3 c5 12. fxe5 dxe5 13. d5 Nc8 14. Ba4 Nd6
15. Qd3 Qe7 16. Rae1 Rad8 17. Nc3 Nf6 18. Nb5 Nc8 19. Nh4 g6 20. Qf3 Ne8 21. g3
a6 22. Na3 Ncd6 23. Qb3 Qc7 24. Qc3 f6 25. Bd1 b5 26. Qd3 Qa5 27. Bb3 Qb6 28.
Rf2 Ng7 29. g4 Bc8 30. h3 g5 31. Ng2 Bd7 32. Ref1 Nb7 33. Ne3 Be8 34. h4 gxh4
35. Rh2 Ne6 36. Nf5 Nf4 37. Qe3 Nd6 38. Rxh4 Rd7 39. Nh6+ Kh8 40. Rxf4 exf4 41.
Qxf4 bxc4 42. Ba4 Re7 43. Bxe8 Rxe4 44. Qh2 Re1+ 45. Kf2 Rfxe8 46. Qxd6 Qxb2+
0-1

[Event "Championnat de Paris Open Fide"]
[Site "Stade Charléty - 75013 Paris"]
[Date "2015.07.04"]
[Round "1.2"]
[White "Shchekachev, Andrei"]
[Black "Alfred, Nathan"]
[Result "1-0"]
[WhiteElo "2552"]
[BlackElo "2276"]
[PlyCount "49"]
[EventDate "2015.??.??"]

1. Nf3 Nf6 2. c4 g6 3. Nc3 Bg7 4. e4 d6 5. d4 O-O 6. Be2 e5 7. d5 a5 8. Bg5 h6
9. Be3 Na6 10. Nd2 Qe8 11. g4 Nc5 12. h4 Nh7 13. Nf1 f5 14. gxf5 gxf5 15. exf5
Nf6 16. Ng3 e4 17. Rg1 Kh7 18. Nb5 Qe7 19. Kf1 Ne8 20. Bh5 Nd3 21. Bg6+ Kh8 22.
Bxe8 Rxe8 23. Qh5 c6 24. Nc7 Nxb2 25. Rb1 1-0

[Event "Championnat de Paris Open Fide"]
[Site "Stade Charléty - 75013 Paris"]
[Date "2015.07.04"]
[Round "1.3"]
[White "Rodriguez, Adrien"]
[Black "Renet, Olivier"]
[Result "1/2-1/2"]
[WhiteElo "2274"]
[BlackElo "2511"]
[PlyCount "88"]
[EventDate "2015.??.??"]

1. d4 Nf6 2. Nf3 e6 3. g3 d5 4. c4 Bb4+ 5. Bd2 Be7 6. Qc2 O-O 7. Bg2 Nbd7 8.
O-O c6 9. Bf4 b6 10. cxd5 cxd5 11. Nc3 Bb7 12. Rac1 Rc8 13. Qb3 a6 14. a4 Rc4
15. Na2 Rxc1 16. Rxc1 Qa8 17. Ne5 Rc8 18. Nxd7 Nxd7 19. Rc3 h6 20. Rxc8+ Qxc8
21. Qc3 Qc6 22. Qxc6 Bxc6 23. b3 Kf8 24. Bd2 Bd6 25. Bb4 Ke7 26. e3 a5 27.
Bxd6+ Kxd6 28. Nc3 e5 29. f4 f6 30. h4 Nf8 31. Bh3 exd4 32. exd4 Ne6 33. Bxe6
Kxe6 34. Kf2 h5 35. Kf3 Be8 36. Nd1 Bg6 37. Ne3 Bb1 38. Ke2 Ba2 39. b4 axb4 40.
Kd2 Bb1 41. Kc1 Bd3 42. Kb2 Bc4 43. Kc2 g6 44. Kb2 Kf7 1/2-1/2

[Event "Championnat de Paris Open Fide"]
[Site "Stade Charléty - 75013 Paris"]
[Date "2015.07.04"]
[Round "1.4"]
[White "Wirig, Anthony"]
[Black "Eden, James"]
[Result "1-0"]
[WhiteElo "2511"]
[BlackElo "2272"]
[PlyCount "39"]
[EventDate "2015.??.??"]

1. e4 e5 2. Nf3 Nc6 3. Bc4 Bc5 4. c3 Nf6 5. d3 d6 6. Bb3 a6 7. h3 Ba7 8. Nbd2
Ne7 9. Nf1 Ng6 10. Ng3 O-O 11. O-O h6 12. Be3 Be6 13. d4 Qc8 14. Qd2 Bxh3 15.
Bxh6 gxh6 16. Qxh6 Nf4 17. Qg5+ Kh7 18. Qxf6 Be6 19. Ng5+ Kg8 20. Qh6 1-0

[Event "Championnat de Paris Open Fide"]
[Site "Stade Charléty - 75013 Paris"]
[Date "2015.07.04"]
[Round "1.5"]
[White "Houhou, Olivier"]
[Black "Battaglini, Gabriel"]
[Result "1/2-1/2"]
[WhiteElo "2251"]
[BlackElo "2449"]
[PlyCount "97"]
[EventDate "2015.??.??"]

1. e4 e6 2. d4 d5 3. Nc3 Nf6 4. Bg5 dxe4 5. Nxe4 Be7 6. Bxf6 gxf6 7. Nf3 f5 8.
Nc3 Qd6 9. Qd2 a6 10. O-O-O b5 11. Qe3 Bb7 12. d5 Nd7 13. dxe6 Qxe6 14. Qd2
O-O-O 15. Nd4 Qf6 16. Be2 b4 17. Na4 Nc5 18. Nxc5 Bxc5 19. c3 bxc3 20. bxc3
Ba3+ 21. Kc2 c5 22. Kb3 cxd4 23. Kxa3 dxc3 24. Qe3 Kb8 25. Bf3 f4 26. Qc5 c2
27. Qb4 c1=Q+ 28. Rxc1 Rd3+ 29. Ka4 Rd4 30. Rc4 Rxc4 31. Qxc4 Qf5 32. Bxb7 Kxb7
33. Qb4+ Ka8 34. Rb1 Qd5 35. Rb3 Rc8 36. Ka3 Qc5 37. Qxc5 Rxc5 38. Rb6 f3 39.
gxf3 Rf5 40. Rxa6+ Kb7 41. Rh6 Rxf3+ 42. Kb4 Rxf2 43. Rxh7 Rxa2 44. Rxf7+ Kc6
45. h4 Rh2 46. Rf4 Kd5 47. Kc3 Ke5 48. Ra4 Kf5 49. Kd3 1/2-1/2

[Event "Championnat de Paris Open Fide"]
[Site "Stade Charléty - 75013 Paris"]
[Date "2015.07.04"]
[Round "1.6"]
[White "Basso, Pier Luigi"]
[Black "Louis, Thibault"]
[Result "1-0"]
[WhiteElo "2439"]
[BlackElo "2250"]
[PlyCount "96"]
[EventDate "2015.??.??"]

1. d4 Nf6 2. c4 e6 3. Nf3 d5 4. Nc3 c5 5. cxd5 cxd4 6. Qa4+ Bd7 7. Qxd4 exd5 8.
Bg5 Nc6 9. Bxf6 Nxd4 10. Bxd8 Nxf3+ 11. gxf3 Rxd8 12. Nxd5 Bc6 13. Nc3 Bb4 14.
Rg1 O-O 15. Rg4 a5 16. a3 Bd6 17. Rd1 Be5 18. h3 f5 19. Rc4 Rxd1+ 20. Nxd1 Rd8
21. Nc3 Bd4 22. e3 Bxc3+ 23. Rxc3 Bxf3 24. Be2 Bxe2 25. Kxe2 g6 26. Rb3 Rb8 27.
Rb5 b6 28. a4 Kf7 29. b4 Ra8 30. Rxb6 axb4 31. Rxb4 g5 32. h4 Kg6 33. hxg5 Kxg5
34. Kf3 h5 35. Kg3 Ra6 36. Rc4 Kg6 37. Kh4 Kh6 38. Rb4 Kg6 39. Rd4 Kh6 40. Rb4
Kg6 41. f4 Kh6 42. Rb5 Rxa4 43. Rxf5 Re4 44. Rxh5+ Kg6 45. Rg5+ Kf6 46. Rg3 Kf5
47. Kh3 Re8 48. Kg2 Ke4 1-0

[Event "Championnat de Paris Open Fide"]
[Site "Stade Charléty - 75013 Paris"]
[Date "2015.07.04"]
[Round "1.7"]
[White "Formento, Paolo"]
[Black "Legky, Nikolay A"]
[Result "0-1"]
[WhiteElo "2243"]
[BlackElo "2420"]
[PlyCount "163"]
[EventDate "2015.??.??"]

1. d4 d5 2. c4 dxc4 3. Nf3 Nf6 4. e3 e6 5. Bxc4 c5 6. O-O Nc6 7. Nc3 Be7 8.
dxc5 Qxd1 9. Rxd1 Bxc5 10. a3 O-O 11. b4 Be7 12. Bb2 b6 13. Nb5 a5 14. Nbd4 Bb7
15. Nxc6 Bxc6 16. bxa5 bxa5 17. Nd4 Ba4 18. Rdb1 Ne4 19. Bb5 Bxb5 20. Nxb5 a4
21. Be5 Nd2 22. Rd1 Rfd8 23. Bd4 Nb3 24. Rab1 Ra5 25. Nc3 Nxd4 26. Rxd4 Rxd4
27. exd4 Bxa3 28. Kf1 g6 29. Ke2 Be7 30. Kd3 a3 31. Ra1 Kg7 32. Kc4 Ra8 33. Ra2
Bg5 34. Kb3 Bc1 35. Nb1 Rb8+ 36. Kc2 Rb2+ 37. Rxb2 Bxb2 38. f3 Kf6 39. Kb3 Kf5
40. Nxa3 Bxd4 41. Nc4 Be5 42. Ne3+ Kg5 43. Nf1 h5 44. Kc4 Kh4 45. h3 Kg5 46.
Kd3 h4 47. Nd2 Kf4 48. Ke2 Bc3 49. Nb3 Bb4 50. Nd4 Bc5 51. Nb3 Bb6 52. Nc1 Bc7
53. Kf2 Bb6+ 54. Ke2 Kg3 55. Kf1 Be3 56. Nd3 f6 57. Ne1 e5 58. Nd3 Bh6 59. Nf2
f5 60. Nd3 Bf4 61. Nc5 Be3 62. Nd7 Bd4 63. Nf6 Bc5 64. Nd5 Ba7 65. Nc3 Bd4 66.
Ne2+ Kh2 67. f4 Bb2 68. fxe5 Bxe5 69. Kf2 g5 70. Kf3 Bb2 71. Kf2 g4 72. hxg4
fxg4 73. Kf1 Be5 74. Ng1 Bf4 75. Ne2 Be3 76. Nc3 h3 77. gxh3 g3 78. Ne2 g2+ 79.
Ke1 Kxh3 80. Kd1 Kg4 81. Kc2 Kf3 82. Kd1 0-1

[Event "Championnat de Paris Open Fide"]
[Site "Stade Charléty - 75013 Paris"]
[Date "2015.07.04"]
[Round "1.8"]
[White "Roser, Kevin"]
[Black "Samoun, Florent"]
[Result "1-0"]
[WhiteElo "2403"]
[BlackElo "2244"]
[PlyCount "127"]
[EventDate "2015.??.??"]

1. e4 Nf6 2. e5 Nd5 3. d4 d6 4. Nf3 g6 5. Bc4 Nb6 6. Bb3 Bg7 7. exd6 Qxd6 8.
O-O O-O 9. Re1 Nc6 10. c3 e5 11. Nxe5 Nxe5 12. dxe5 Bxe5 13. Qxd6 cxd6 14. Bg5
Re8 15. Nd2 Be6 16. Ne4 Bxb3 17. axb3 Re6 18. Nd2 Rae8 19. Be3 Nc8 20. Nf3 Bf6
21. Red1 a6 22. Ra4 Ne7 23. g4 Nc6 24. h3 Kf8 25. Kg2 Ke7 26. Nd2 Ne5 27. Ne4
Bg7 28. Ng5 h6 29. Nxe6 fxe6 30. f4 Nc6 31. Re4 b5 32. b4 Kd7 33. Bd2 d5 34.
Re2 a5 35. bxa5 Nxa5 36. Ra1 Nc6 37. Be3 e5 38. fxe5 Rxe5 39. Rae1 b4 40. Bd2
Rxe2+ 41. Rxe2 bxc3 42. Bxc3 d4 43. Bd2 Ne5 44. Bxh6 d3 45. Bxg7 dxe2 46. Kf2
Nd3+ 47. Kxe2 Nf4+ 48. Kf3 Nxh3 49. Bh6 g5 50. Kg3 Nf4 51. Bxg5 Nd3 52. Bf6 Ke6
53. Bc3 Nc5 54. Kf4 Nb3 55. Kg5 Kf7 56. Kf5 Nc5 57. b4 Nb7 58. Be5 Nd8 59. b5
Nb7 60. g5 Nd8 61. g6+ Kf8 62. Bf6 Nb7 63. Ke6 Nc5+ 64. Kd5 1-0

[Event "Championnat de Paris Open Fide"]
[Site "Stade Charléty - 75013 Paris"]
[Date "2015.07.04"]
[Round "1.9"]
[White "Le Ruyet, Leopold"]
[Black "Beshukov, Sergei"]
[Result "1-0"]
[WhiteElo "2238"]
[BlackElo "2398"]
[PlyCount "49"]
[EventDate "2015.??.??"]

1. e4 c5 2. Nf3 e6 3. d4 cxd4 4. Nxd4 Nc6 5. Nc3 Qc7 6. Be2 a6 7. a4 Nf6 8. O-O
Bb4 9. Bg5 Bxc3 10. Bxf6 gxf6 11. bxc3 Ne7 12. Qd3 Ng6 13. g3 d6 14. f4 h5 15.
f5 Ne5 16. Qe3 Qe7 17. Qf2 Rh6 18. Qf4 Qf8 19. Rab1 Qg7 20. Rb6 Nd7 21. fxe6
Nxb6 22. Nf5 Qf8 23. Nxd6+ Ke7 24. Nf5+ Kxe6 25. Rd1 1-0

[Event "Championnat de Paris Open Fide"]
[Site "Stade Charléty - 75013 Paris"]
[Date "2015.07.04"]
[Round "1.10"]
[White "Dionisi, Thomas"]
[Black "Maleki, Manuel"]
[Result "0-1"]
[WhiteElo "2387"]
[BlackElo "2235"]
[PlyCount "76"]
[EventDate "2015.??.??"]

1. e4 c5 2. Nf3 e6 3. c3 d5 4. e5 Nc6 5. d4 Qb6 6. a3 c4 7. Nbd2 Na5 8. g3 Bd7
9. h4 Ne7 10. Bh3 Qc7 11. O-O Nc8 12. Nh2 Nb6 13. h5 Ba4 14. Qe2 Bc2 15. Nxc4
Qxc4 16. Qxc2 Nb3 17. Rb1 Nxd4 18. Qd1 Ne2+ 19. Kh1 Qe4+ 20. Bg2 Qxb1 21. Qxe2
Qa2 22. h6 Qc4 23. Qf3 Nd7 24. Ng4 gxh6 25. Nxh6 Bxh6 26. Bxh6 Rg8 27. Re1 Qg4
28. Qxg4 Rxg4 29. Bf3 Rg6 30. Bf4 Rc8 31. Kg2 Rc4 32. Bh5 Rg8 33. Kf3 Ke7 34.
Re3 f6 35. exf6+ Nxf6 36. Re5 Re4 37. Rg5 Rxg5 38. Bxg5 Re5 0-1

[Event "Championnat de Paris Open Fide"]
[Site "Stade Charléty - 75013 Paris"]
[Date "2015.07.04"]
[Round "1.11"]
[White "Micottis, Dorian"]
[Black "Valles, Manuel"]
[Result "1/2-1/2"]
[WhiteElo "2235"]
[BlackElo "2350"]
[PlyCount "119"]
[EventDate "2015.??.??"]

1. e4 c5 2. Nf3 g6 3. d4 cxd4 4. Nxd4 Nc6 5. Nc3 Bg7 6. Be3 Nf6 7. Nxc6 bxc6 8.
e5 Ng8 9. f4 Nh6 10. Qd2 O-O 11. h3 d6 12. g4 dxe5 13. fxe5 Qxd2+ 14. Bxd2 f5
15. exf6 exf6 16. O-O-O Nf7 17. Bg2 Ne5 18. Bf4 Rb8 19. Bxe5 fxe5 20. Bxc6 e4
21. Bxe4 Be6 22. Bd5 Bxd5 23. Rxd5 Bxc3 24. bxc3 Rbc8 25. Rd3 Rf7 26. Rhd1 Kg7
27. g5 Rc5 28. h4 Rc4 29. Rd7 Rxh4 30. Rxf7+ Kxf7 31. Rd7+ Ke6 32. Rxa7 Kd6 33.
Kb2 Kc6 34. Kb3 Rg4 35. Rxh7 Rxg5 36. a4 Rg4 37. Rg7 Kc5 38. Rc7+ Kb6 39. Rc8
g5 40. c4 Rg1 41. Kc3 Ra1 42. Rb8+ Kc6 43. Rg8 Rxa4 44. Rg6+ Kc7 45. Rxg5 Ra6
46. Rg7+ Kc8 47. Kb4 Rf6 48. c5 Rf2 49. c3 Rf6 50. Kb5 Rh6 51. c4 Rf6 52. Ra7
Rh6 53. Ra6 Rh7 54. Rc6+ Kb7 55. Rd6 Kc7 56. Ra6 Kc8 57. Ra1 Rb7+ 58. Kc6 Rc7+
59. Kd6 Rd7+ 60. Kc6 1/2-1/2

[Event "Championnat de Paris Open Fide"]
[Site "Stade Charléty - 75013 Paris"]
[Date "2015.07.04"]
[Round "1.12"]
[White "Aranovitch, Emiliano"]
[Black "O'Sullivan, Thomas"]
[Result "0-1"]
[WhiteElo "2347"]
[BlackElo "2227"]
[PlyCount "40"]
[EventDate "2015.??.??"]

1. g3 Nf6 2. Bg2 d5 3. c4 c6 4. Nf3 g6 5. b3 Bg7 6. Bb2 O-O 7. O-O Nbd7 8. Qc2
Re8 9. Ne5 Nxe5 10. Bxe5 Ng4 11. Bxg7 Kxg7 12. cxd5 cxd5 13. Nc3 Nf6 14. Nb5
Bf5 15. Qc5 Be6 16. Qc3 Rc8 17. Qe5 Qd7 18. Nc3 d4 19. Na4 Rc2 20. d3 Bh3 0-1

[Event "Championnat de Paris Open Fide"]
[Site "Stade Charléty - 75013 Paris"]
[Date "2015.07.04"]
[Round "1.13"]
[White "Rabeyrin, Jean Jacques"]
[Black "Nguyen Chi Minh"]
[Result "0-1"]
[WhiteElo "2219"]
[BlackElo "2343"]
[PlyCount "62"]
[EventDate "2015.??.??"]

1. e4 e6 2. d4 d5 3. Nd2 Nc6 4. Ngf3 Nf6 5. e5 Nd7 6. Bd3 Nb4 7. Be2 c5 8. c3
Nc6 9. O-O Be7 10. Bd3 h5 11. c4 dxc4 12. Nxc4 g5 13. Be4 g4 14. Bxc6 bxc6 15.
Nfd2 Ba6 16. f4 Nb6 17. Nxb6 Qxd4+ 18. Kh1 axb6 19. Nb3 Qxd1 20. Rxd1 Bc4 21.
Be3 f5 22. Nc1 h4 23. Kg1 Kf7 24. b3 Ba6 25. Nd3 g3 26. Nb2 Rhd8 27. Na4 Rxd1+
28. Rxd1 Rd8 29. Re1 Rd3 30. Nxb6 c4 31. Na4 Bb4 0-1

[Event "Championnat de Paris Open Fide"]
[Site "Stade Charléty - 75013 Paris"]
[Date "2015.07.04"]
[Round "1.14"]
[White "Payen, Arnaud"]
[Black "Glicenstein, Asher"]
[Result "1-0"]
[WhiteElo "2329"]
[BlackElo "2213"]
[PlyCount "63"]
[EventDate "2015.??.??"]

1. d4 f5 2. g3 Nf6 3. Bg2 g6 4. Nf3 Bg7 5. O-O O-O 6. c4 d6 7. Nc3 c6 8. Qb3
Kh8 9. Rd1 Na6 10. Qa3 Be6 11. b3 Bg8 12. Bb2 Nc7 13. Rac1 Qb8 14. Ba1 a5 15.
Qb2 Ne4 16. Qc2 Nxc3 17. Bxc3 a4 18. d5 cxd5 19. cxd5 Nxd5 20. Bxg7+ Kxg7 21.
e4 fxe4 22. Qxe4 e6 23. Ng5 Qa7 24. Qe2 Rf5 25. Bxd5 Rxg5 26. Rc7+ Kh8 27. Qb2+
e5 28. Bxg8 Kxg8 29. Rxd6 Qa5 30. Qc1 Rf5 31. Rdd7 Qb6 32. Rg7+ 1-0

[Event "Championnat de Paris Open Fide"]
[Site "Stade Charléty - 75013 Paris"]
[Date "2015.07.04"]
[Round "1.15"]
[White "Gantner, Ludovic"]
[Black "Philippe, Guillaume"]
[Result "1/2-1/2"]
[WhiteElo "2213"]
[BlackElo "2309"]
[PlyCount "73"]
[EventDate "2015.??.??"]

1. e4 c5 2. c3 b6 3. d4 Bb7 4. Bd3 e6 5. Nf3 d5 6. exd5 Bxd5 7. O-O Nf6 8. Re1
cxd4 9. cxd4 Be7 10. Nc3 Bc6 11. Bc2 O-O 12. Ne5 Bb7 13. Qd3 Nc6 14. Nxc6 Bxc6
15. Bg5 g6 16. Rad1 Nd5 17. Bh6 Re8 18. Bb3 Rc8 19. Ne4 a5 20. a3 Qc7 21. Qh3
a4 22. Ba2 Bb7 23. Bg5 Bxg5 24. Nxg5 h5 25. Nxe6 fxe6 26. Rxe6 Kg7 27. g3 Qf7
28. Rd6 Rcd8 29. Rxd8 Rxd8 30. Qh4 Qf6 31. Qe4 Ba8 32. Re1 Rd7 33. Qe8 Qc6 34.
Re6 Qc1+ 35. Re1 Qc6 36. Re6 Qc1+ 37. Re1 1/2-1/2

[Event "Championnat de Paris Open Fide"]
[Site "Stade Charléty - 75013 Paris"]
[Date "2015.07.04"]
[Round "1.16"]
[White "Onkoud, Abdelaziz"]
[Black "Pruvot, Louis"]
[Result "1-0"]
[WhiteElo "2308"]
[BlackElo "2213"]
[PlyCount "83"]
[EventDate "2015.??.??"]

1. Nf3 d5 2. c4 c6 3. b3 Nf6 4. Bb2 Bf5 5. g3 e6 6. Bg2 h6 7. O-O Be7 8. d3 O-O
9. Na3 a5 10. Nc2 Bh7 11. Qc1 Na6 12. Bc3 b5 13. Ne5 Rc8 14. a3 Qb6 15. Qd2 b4
16. axb4 axb4 17. Bd4 c5 18. Bb2 Nc7 19. d4 Rfd8 20. cxd5 Ncxd5 21. Nc4 Qc7 22.
Rfc1 Ne4 23. Qe1 Bf6 24. e3 Qb8 25. Ra6 Nd6 26. Rxd6 Rxd6 27. e4 Rdd8 28. exd5
exd5 29. N4e3 Qa7 30. Ra1 Qb7 31. Qd2 Ra8 32. Rxa8 Qxa8 33. Ng4 Bg5 34. Nce3 h5
35. h4 Be7 36. Ne5 Be4 37. Bxe4 dxe4 38. d5 Bf6 39. Nc6 Re8 40. Bxf6 gxf6 41.
Qb2 Kg7 42. Nf5+ 1-0

[Event "Championnat de Paris Open Fide"]
[Site "Stade Charléty - 75013 Paris"]
[Date "2015.07.04"]
[Round "1.17"]
[White "Mouhamad, Joachin"]
[Black "Van Dongen, Patrick"]
[Result "1/2-1/2"]
[WhiteElo "2207"]
[BlackElo "2304"]
[PlyCount "54"]
[EventDate "2015.??.??"]

1. e4 e6 2. d4 d5 3. e5 c5 4. Qg4 Nc6 5. Nf3 Nxd4 6. Nxd4 cxd4 7. Bd3 Qb6 8.
O-O Bd7 9. Nd2 Bb5 10. Nb3 Bxd3 11. cxd3 Ne7 12. Qxd4 Qxd4 13. Nxd4 Kd7 14. Be3
Nf5 15. Nxf5 exf5 16. Rac1 Be7 17. Bc5 Rhc8 18. Bxe7 Kxe7 19. f4 Ke6 20. Kf2 d4
21. Rc4 Rxc4 22. dxc4 Rc8 23. b3 b5 24. Rc1 bxc4 25. Rxc4 Rxc4 26. bxc4 Kd7 27.
Ke2 Kc6 1/2-1/2

[Event "Championnat de Paris Open Fide"]
[Site "Stade Charléty - 75013 Paris"]
[Date "2015.07.04"]
[Round "1.18"]
[White "Picard, Romain"]
[Black "Veys, Vincent"]
[Result "1/2-1/2"]
[WhiteElo "2350"]
[BlackElo "2375"]
[PlyCount "25"]
[EventDate "2015.??.??"]

1. e4 e5 2. Nf3 Nc6 3. Bc4 Nf6 4. d3 Be7 5. O-O O-O 6. Re1 d6 7. a4 Na5 8. Ba2
c5 9. c3 Nc6 10. Na3 Be6 11. Nc4 h6 12. Ne3 Rc8 13. h3 1/2-1/2

[Event "Championnat de Paris Open Fide"]
[Site "Stade Charléty - 75013 Paris"]
[Date "2015.07.05"]
[Round "2.1"]
[White "Sethuraman, SP."]
[Black "Payen, Arnaud"]
[Result "1-0"]
[WhiteElo "2623"]
[BlackElo "2329"]
[PlyCount "79"]
[EventDate "2015.??.??"]

1. c4 e6 2. d4 d5 3. Nc3 Be7 4. cxd5 exd5 5. Bf4 Nf6 6. e3 c6 7. Bd3 Bg4 8. f3
Bh5 9. Nge2 Bg6 10. e4 dxe4 11. fxe4 O-O 12. Qc2 Na6 13. a3 Nc7 14. h3 Ne6 15.
Be3 Nd7 16. O-O-O Bg5 17. Qd2 h6 18. Kb1 Re8 19. h4 Bxe3 20. Qxe3 Qa5 21. g4 b5
22. g5 h5 23. e5 Ndf8 24. Bxg6 Nxg6 25. Ne4 b4 26. axb4 Qxb4 27. Nd6 Rab8 28.
Rd2 Re7 29. Rc1 Nxh4 30. Rc4 Qa5 31. Nc3 Ng6 32. Rxc6 Nd8 33. Nc4 Qb4 34. Nd5
Qa4 35. Rxg6 Reb7 36. Nf6+ Kf8 37. Rh6 gxh6 38. g6 Qxc4 39. g7+ Ke7 40. g8=N+
1-0

[Event "Championnat de Paris Open Fide"]
[Site "Stade Charléty - 75013 Paris"]
[Date "2015.07.05"]
[Round "2.2"]
[White "Nguyen Chi Minh"]
[Black "Shchekachev, Andrei"]
[Result "0-1"]
[WhiteElo "2343"]
[BlackElo "2552"]
[PlyCount "52"]
[EventDate "2015.??.??"]

1. d4 Nf6 2. c4 e6 3. Nc3 Bb4 4. e3 O-O 5. Bd3 d5 6. Nge2 dxc4 7. Bxc4 c5 8.
O-O cxd4 9. exd4 Nc6 10. a3 Bd6 11. h3 h6 12. Be3 Ne7 13. Bd3 Ned5 14. Bc2 Bd7
15. Qd3 Bc6 16. Nxd5 Bxd5 17. Nc3 Bc7 18. Rac1 Rc8 19. Qd2 Bc4 20. Rfe1 Qd6 21.
g3 Bb6 22. Ne4 Nxe4 23. Bxe4 Bd5 24. Bxh6 Rxc1 25. Qxc1 Bxd4 26. Bg5 Qxg3+ 0-1

[Event "Championnat de Paris Open Fide"]
[Site "Stade Charléty - 75013 Paris"]
[Date "2015.07.05"]
[Round "2.3"]
[White "Onkoud, Abdelaziz"]
[Black "Wirig, Anthony"]
[Result "1/2-1/2"]
[WhiteElo "2308"]
[BlackElo "2511"]
[PlyCount "76"]
[EventDate "2015.??.??"]

1. Nf3 Nf6 2. b3 g6 3. Bb2 Bg7 4. g3 b6 5. Bg2 Bb7 6. O-O O-O 7. c4 c5 8. Nc3
d5 9. Nxd5 Nxd5 10. Bxg7 Kxg7 11. cxd5 Qxd5 12. d4 cxd4 13. Qxd4+ Qxd4 14. Nxd4
Bxg2 15. Kxg2 a5 16. Rac1 Na6 17. Rc6 Rfb8 18. a3 Ra7 19. Rfc1 Rd7 20. e3 e5
21. Nf3 e4 22. Nd4 Nc5 23. Rc4 Rbb7 24. Rc8 Rd6 25. Re8 f5 26. h4 h5 27. Kf1
Kf6 28. Rh8 Kg7 29. Rc8 Rbd7 30. b4 axb4 31. axb4 Ne6 32. Nxe6+ Rxe6 33. R8c7
Rxc7 34. Rxc7+ Kf6 35. Ke2 Rd6 36. f3 Ke5 37. Rc4 Kd5 38. Rd4+ Ke5 1/2-1/2

[Event "Championnat de Paris Open Fide"]
[Site "Stade Charléty - 75013 Paris"]
[Date "2015.07.05"]
[Round "2.4"]
[White "Maleki, Manuel"]
[Black "Basso, Pier Luigi"]
[Result "0-1"]
[WhiteElo "2235"]
[BlackElo "2439"]
[PlyCount "64"]
[EventDate "2015.??.??"]

1. Nf3 d5 2. d4 Nf6 3. c4 c6 4. g3 dxc4 5. Qc2 Bg4 6. Nbd2 Nbd7 7. e4 Qa5 8.
Bg2 Bxf3 9. Bxf3 e5 10. O-O b5 11. dxe5 Nxe5 12. Bg2 Rd8 13. Nf3 Nfd7 14. Nd4
Bc5 15. Nf5 g6 16. Nh6 Nd3 17. Bd2 Qb6 18. Bc3 f6 19. Qe2 N7e5 20. h3 b4 21.
Bxe5 fxe5 22. b3 Bxf2+ 23. Kh2 c3 24. Rad1 Qe3 25. Qg4 Qxg3+ 26. Qxg3 Bxg3+ 27.
Kxg3 Rf8 28. Bf3 c2 29. Ra1 Rf4 30. Ng4 h5 31. Nxe5 h4+ 32. Kg2 Nxe5 0-1

[Event "Championnat de Paris Open Fide"]
[Site "Stade Charléty - 75013 Paris"]
[Date "2015.07.05"]
[Round "2.5"]
[White "Legky, Nikolay A"]
[Black "Le Ruyet, Leopold"]
[Result "1/2-1/2"]
[WhiteElo "2420"]
[BlackElo "2238"]
[PlyCount "81"]
[EventDate "2015.??.??"]

1. d4 Nf6 2. c4 e6 3. Nc3 Bb4 4. e3 b6 5. Bd2 Bb7 6. Nf3 Bxc3 7. Bxc3 Ne4 8.
Rc1 d6 9. Be2 Nd7 10. O-O O-O 11. Be1 f5 12. Nd2 Qg5 13. f4 Qe7 14. b4 Nxd2 15.
Qxd2 Nf6 16. Bh4 Qd7 17. Bxf6 Rxf6 18. c5 Bd5 19. Bf3 c6 20. Bxd5 exd5 21. cxb6
axb6 22. Rc3 Re6 23. Rfc1 Rc8 24. Rd3 h6 25. Qc3 Qe7 26. Re1 Qd7 27. Qc2 g5 28.
Qf2 Re4 29. fxg5 hxg5 30. Rf1 Rf8 31. Rc3 f4 32. Qd2 Qg7 33. Rxc6 fxe3 34.
Rxf8+ Qxf8 35. Qe2 Rxd4 36. h3 Re4 37. Qh5 Qf2+ 38. Kh1 Qf1+ 39. Kh2 Qf4+ 40.
Kh1 Qf1+ 41. Kh2 1/2-1/2

[Event "Championnat de Paris Open Fide"]
[Site "Stade Charléty - 75013 Paris"]
[Date "2015.07.05"]
[Round "2.6"]
[White "O'Sullivan, Thomas"]
[Black "Roser, Kevin"]
[Result "1/2-1/2"]
[WhiteElo "2227"]
[BlackElo "2403"]
[PlyCount "150"]
[EventDate "2015.??.??"]

1. d4 Nf6 2. Bg5 e6 3. e4 h6 4. Bxf6 Qxf6 5. c3 d6 6. Bd3 g6 7. Ne2 Bg7 8. O-O
e5 9. f4 exd4 10. f5 Nc6 11. e5 Qxe5 12. Nxd4 Nxd4 13. Re1 Nxf5 14. Rxe5+ dxe5
15. Nd2 O-O 16. Qe2 Bd7 17. Rf1 Nd6 18. Ne4 Nxe4 19. Bxe4 c6 20. Bd3 Be6 21.
Bc4 Bxc4 22. Qxc4 Rad8 23. b4 Rd7 24. a4 a6 25. b5 axb5 26. axb5 cxb5 27. Qxb5
Rfd8 28. Qc4 Re8 29. Re1 Kh7 30. h4 h5 31. g4 hxg4 32. Qxg4 Re6 33. Re2 Rd1+
34. Kg2 Rd3 35. Qc4 Rd7 36. Rf2 Rc6 37. Qg4 Rdc7 38. h5 gxh5 39. Qxh5+ Kg8 40.
Rf3 Rxc3 41. Rxc3 Rxc3 42. Qh4 Rc6 43. Qd8+ Bf8 44. Kf3 Re6 45. Qg5+ Bg7 46.
Qd8+ Kh7 47. Qh4+ Bh6 48. Qe4+ Kg7 49. Qxb7 e4+ 50. Ke2 Kg6 51. Qc8 Bg5 52.
Qg8+ Kf6 53. Qd8+ Re7 54. Qh8+ Kg6 55. Qg8+ Kh5 56. Qc8 Kg6 57. Qg8+ Kf5 58.
Qc8+ Kf4 59. Qc1+ Kg4 60. Qg1+ Kf5 61. Qb1 Kg6 62. Qb8 f5 63. Qd6+ Kh5 64. Qh2+
Bh4 65. Ke3 Re8 66. Kf4 e3 67. Qe2+ Kg6 68. Qg2+ Kf7 69. Kxf5 e2 70. Qg6+ Ke7
71. Qe6+ Kd8 72. Qd6+ Kc8 73. Qc6+ Kd8 74. Qd6+ Kc8 75. Qc6+ Kd8 1/2-1/2

[Event "Championnat de Paris Open Fide"]
[Site "Stade Charléty - 75013 Paris"]
[Date "2015.07.05"]
[Round "2.7"]
[White "Renet, Olivier"]
[Black "Houhou, Olivier"]
[Result "1-0"]
[WhiteElo "2512"]
[BlackElo "2281"]
[PlyCount "119"]
[EventDate "2015.??.??"]

1. e4 c5 2. Nf3 e6 3. d4 cxd4 4. Nxd4 a6 5. c4 Nf6 6. Nc3 Qc7 7. a3 b6 8. Be3
Bb7 9. f3 d6 10. Be2 Nbd7 11. O-O Be7 12. Rc1 Rc8 13. Qd2 Qb8 14. b4 Bd8 15.
Kh1 Bc7 16. Rc2 O-O 17. Bg1 Rfe8 18. Na4 h5 19. Rb1 Qa8 20. c5 dxc5 21. bxc5
bxc5 22. Nxc5 Nxc5 23. Rxc5 Bd6 24. Rxc8 Qxc8 25. Qa5 Bf8 26. Qb6 Re7 27. a4
Rc7 28. Nb3 Rc6 29. Qa5 Rc2 30. Bd3 Rc3 31. Bf1 Be7 32. Qe5 Qc7 33. Qxc7 Rxc7
34. Na5 Bc8 35. Nc4 Bc5 36. a5 Bxg1 37. Kxg1 Rc5 38. Nd6 Bd7 39. h4 Kf8 40. Nb7
Rc6 41. Rb6 Rc1 42. Kf2 Bc6 43. Nd8 Bxe4 44. fxe4 Ng4+ 45. Ke2 Nh2 46. Nc6 Ke8
47. Rxa6 Nxf1 48. Ra8+ Kd7 49. Ne5+ Kc7 50. Nxf7 Ng3+ 51. Kf3 Rc3+ 52. Kf4 Ra3
53. Ra6 Kd7 54. Ne5+ Ke7 55. Ra7+ Kf8 56. Nc6 Rc3 57. Rc7 Ra3 58. Ra7 Kg8 59.
a6 Ne2+ 60. Ke5 1-0

[Event "Championnat de Paris Open Fide"]
[Site "Stade Charléty - 75013 Paris"]
[Date "2015.07.05"]
[Round "2.8"]
[White "Battaglini, Gabriel"]
[Black "Rodriguez, Adrien"]
[Result "1-0"]
[WhiteElo "2449"]
[BlackElo "2274"]
[PlyCount "86"]
[EventDate "2015.??.??"]

1. d4 Nf6 2. c4 e6 3. Nc3 c5 4. d5 exd5 5. cxd5 Bd6 6. Nf3 O-O 7. g3 Bc7 8. d6
Ba5 9. Bg2 Ne4 10. Qd3 Nxc3 11. bxc3 Qf6 12. O-O Qxc3 13. Qb1 Bd8 14. Bd2 Qc4
15. Ne5 Qa6 16. Be4 g6 17. Bc3 Bf6 18. Qc1 Qxd6 19. Rd1 Qe7 20. Ng4 Bxc3 21.
Qxc3 f6 22. Qb3+ d5 23. Bxd5+ Kg7 24. Ne3 Nc6 25. Rac1 Nd4 26. Qc4 Bd7 27. Qxc5
Qxc5 28. Rxc5 Nc6 29. Rb5 Rab8 30. Bg2 Be6 31. Rdb1 Nd8 32. Ra5 Nc6 33. Bxc6
bxc6 34. Rxa7+ Kh6 35. Rxb8 Rxb8 36. f4 f5 37. Kf2 Rd8 38. a4 Rd4 39. a5 Ra4
40. Re7 Bg8 41. a6 Ba2 42. a7 c5 43. h4 Bg8 1-0